| 000 | 00344nam a22001457a 4500 | ||
|---|---|---|---|
| 020 | _a978-81-8561-851-7 | ||
| 082 |
_a425 _bMUR/I |
||
| 100 | _aMURPHY, RAYMOND | ||
| 245 | _aINTERMEDIATE ENGLISH GRAMMAR | ||
| 250 | _aFIRST | ||
| 260 |
_aNEW DELHI _bCAMBRIDGE HOUSE _c1992 |
||
| 300 | _a350 | ||
| 650 |
_aENGLISH GRAMMAR _zNEW DELHI |
||
| 942 | _cBK | ||
| 999 |
_c3754 _d3754 |
||